[Event "Junior Online 4NCL Division 5"]
[Site "online"]
[Date "2021.03.18"]
[EventDate "2021.03.18"]
[Round "5.216"]
[White "Bagchi, Aadi"]
[WhiteElo "995"]
[WhiteTeam "Edgware Gambits H"]
[Black "Saunders, Oliver"]
[BlackElo "1104"]
[BlackTeam "Barnet Knights F"]
[Result "0-1"]
[PlyCount "39"]

1. e4 e5 2. Nf3 Nc6 3. Bc4 Bc5 4. O-O Nf6 5. d3 d6 6. Bg5 h6 7. Bh4 g5 8. Bg3 Bg4 9. h3 Bh5 10. Qd2 Rg8 11. Nc3 Qd7 12. Nd5 Nxd5 13. exd5 Nd4 14. Nxd4 Bxd4 15. Rfe1 g4 16. h4 f5 17. Qxh6 Bf7 18. Rad1 18. Rg6 19. Qh7 f4 20. Qh8+ 0-1

[Event "Junior Online 4NCL Division 5"]
[Site "online"]
[Date "2021.03.18"]
[EventDate "2021.03.18"]
[Round "5.217"]
[White "Kotha, Vedant"]
[WhiteElo "1120"]
[WhiteTeam "Barnet Knights F"]
[Black "Illingworth-Law, Oscar"]
[BlackElo "969"]
[BlackTeam "Edgware Gambits H"]
[Result "1-0"]
[PlyCount "57"]

1. e4 e5 2. Nf3 Nc6 3. Nc3 Nf6 4. a3 Bc5 5. b3 Ng4 6. Qe2 Nd4 7. Nxd4 exd4 8. Na4 Bd6 9. Qxg4 Be5 10. c3 d6 11. Qf3 dxc3 12. dxc3 Qh4 13. g3 Qf6 14. Qxf6 Bxf6 15. Bb2 O-O 16. c4 Bxb2 17. Nxb2 Re8 18. Bd3 Bg4 19. h3 Bf3 20. Rg1 Bxe4 21. Bxe4 Rxe4+ 22. Kd1 Rae8 23. Nd3 Rd4 24. Kc2 Re2+ 25. Kc3 c5 26. Rge1 Rxe1 27. Rxe1 f5 28. b4 cxb4+ 29. Kxd4 1-0

[Event "Junior Online 4NCL Division 5"]
[Site "online"]
[Date "2021.03.18"]
[EventDate "2021.03.18"]
[Round "5.218"]
[White "Patel, Kamran"]
[WhiteElo "952"]
[WhiteTeam "Edgware Gambits H"]
[Black "Pugh, Ben"]
[BlackElo "993"]
[BlackTeam "Barnet Knights F"]
[Result "1-0"]
[PlyCount "49"]

1. d4 d5 2. Nf3 Bf5 3. Bf4 e6 4. e3 Bd6 5. Bxd6 Qxd6 6. Ne5 c6 7. Bd3 Bxd3 8. Qxd3 Nd7 9. Nxd7 Qxd7 10. Nc3 Nf6 11. O-O O-O 12. Ne2 h6 13. c3 Qd6 14. Nf4 Ng4 15. h3 e5 16. dxe5 Qxe5 17. hxg4 Qe7 18. Rfe1 Qh4 19. f3 h5 20. gxh5 g6 21. hxg6 Kg7 22. gxf7 Rh8 23. f8=Q+ Kxf8 24. Ng6+ Kg7 25. Nxh4 1-0

[Event "Junior Online 4NCL Division 5"]
[Site "online"]
[Date "2021.03.18"]
[EventDate "2021.03.18"]
[Round "5.221"]
[White "Harb, Laith A"]
[WhiteElo "1256"]
[WhiteTeam "JHJ Shark Tank 8"]
[Black "Varea, Benjamin"]
[BlackElo "1278"]
[BlackTeam "Dragon Kings 1"]
[Result "1/2-1/2"]
[PlyCount "43"]

1. d4 d5 2. c4 c6 3. Nc3 Bf5 4. Nf3 Nd7 5. Bf4 e6 6. a3 h6 7. e3 g5 8. Bg3 h5 9. h3 g4 10. hxg4 Bxg4 11. Be2 Be7 12. Ne5 Nxe5 13. Bxe5 f6 14. Bg3 f5 15. Bxg4 fxg4 16. cxd5 exd5 17. Bf4 Bd6 18. Bxd6 Qxd6 19. Qd3 Ne7 20. Ne2 O-O-O 21. Nc3 Kb8 22. Rb1 1/2-1/2

[Event "Junior Online 4NCL Division 5"]
[Site "online"]
[Date "2021.03.18"]
[EventDate "2021.03.18"]
[Round "5.222"]
[White "Schmidt, Eoin"]
[WhiteElo "1045"]
[WhiteTeam "Dragon Kings 1"]
[Black "Stacey, Edward"]
[BlackElo "1255"]
[BlackTeam "JHJ Shark Tank 8"]
[Result "0-1"]
[PlyCount "122"]

1. e4 e5 2. Bc4 Nf6 3. Nc3 Nc6 4. d3 Bb4 5. Bd2 d6 6. Nd5 Bxd2+ 7. Qxd2 Nxd5 8. exd5 Nd4 9. c3 Nf5 10. d4 exd4 11. cxd4 Qe7+ 12. Ne2 Qf6 13. Bb5+ Bd7 14. Bxd7+ Kxd7 15. O-O Rae8 16. Rfe1 Qg6 17. g3 Nh4 18. Nf4 Qg4 19. Rxe8 Rxe8 20. Qd3 Nf3+ 21. Kh1 g5 22. Qb5+ Kd8 23. h3 Qd7 24. Qxd7+ Kxd7 25. Nh5 Ke7 26. Kg2 Nxd4 27. Re1+ Kf8 28. Rxe8+ Kxe8 29. Nf6+ Ke7 30. Nxh7 f6 31. f4 gxf4 32. gxf4 Kf7 33. Kg3 Kg7 34. Nxf6 Kxf6 35. Kg4 Nf5 36. h4 Ne3+ 37. Kg3 Nxd5 38. Kg4 Ne3+ 39. Kh5 Kf5 40. Kh6 Nf1 41. h5 Ng3 42. b3 Kxf4 43. Kg6 Nxh5 44. Kxh5 d5 45. Kg6 d4 46. Kf7 d3 47. Ke7 d2 48. Kd7 d1=Q+ 49. Kxc7 b5 50. Kb7 Qc2 51. Kxa7 Qxa2+ 52. Kb6 Qxb3 53. Kc5 b4 54. Kd4 Qc3+ 55. Kd5 b3 56. Kd6 Qa5 57. Kc6 b2 58. Kd6 b1=Q 59. Kc6 Qbb6+ 60. Kd7 Qaa7+ 61. Kc8 Qbb8# 0-1

[Event "Junior Online 4NCL Division 5"]
[Site "online"]
[Date "2021.03.18"]
[EventDate "2021.03.18"]
[Round "5.223"]
[White "Han, Qixiang"]
[WhiteElo "1023"]
[WhiteTeam "JHJ Shark Tank 8"]
[Black "Varea, Gabriel"]
[BlackElo "955"]
[BlackTeam "Dragon Kings 1"]
[Result "1-0"]
[PlyCount "115"]

1. e4 e5 2. Nf3 Nc6 3. Bb5 Bc5 4. O-O d6 5. d3 Bd7 6. Nc3 Nf6 7. Bg5 h6 8. Bh4 O-O 9. Nd5 g5 10. Nxf6+ Qxf6 11. Bg3 a6 12. Ba4 Bg4 13. Bxc6 bxc6 14. h3 Bxf3 15. Qxf3 Qxf3 16. gxf3 h5 17. h4 d5 18. hxg5 dxe4 19. fxe4 f5 20. gxf6 Rxf6 21. Bxe5 Rg6+ 22. Kh1 h4 23. Bxc7 Rc8 24. Bh2 h3 25. Rg1 Rxg1+ 26. Bxg1 Rf8 27. Rf1 Kh7 28. Kh2 Rb8 29. b3 a5 30. Kxh3 Kg6 31. f4 Bxg1 32. Rxg1+ Kh5 33. Rg5+ Kh6 34. Rxa5 Rf8 35. f5 Kg5 36. Kg3 Kf6 37. Kf4 Kg7 38. Re5 Kf6 39. Re6+ Kf7 40. Ke5 Re8 41. Rxe8 Kxe8 42. Kd6 Kf7 43. Kxc6 Kf6 44. Kd5 Kf7 45. c4 Ke7 46. c5 Kd7 47. c6+ Kc7 48. f6 Kd8 49. Kd6 Ke8 50. c7 Kf7 51. e5 Kg6 52. c8=Q Kg5 53. f7 Kf4 54. f8=Q+ Ke3 55. Qff5 Kd2 56. d4 Kd1 57. Qcc2+ Ke1 58. Qff2# 1-0

[Event "Junior Online 4NCL Division 5"]
[Site "online"]
[Date "2021.03.18"]
[EventDate "2021.03.18"]
[Round "5.224"]
[White "Tipton, Oliver"]
[WhiteElo "880"]
[WhiteTeam "Dragon Kings 1"]
[Black "Pipalia, Ayush"]
[BlackElo "1022"]
[BlackTeam "JHJ Shark Tank 8"]
[Result "1/2-1/2"]
[PlyCount "51"]

1. d4 d5 2. e3 Bf5 3. Nc3 Nc6 4. Bd3 Bxd3 5. Qxd3 Nf6 6. Nf3 Nb4 7. Qb5+ Nc6 8. Qxb7 Na5 9. Qb5+ c6 10. Qd3 e6 11. O-O Bb4 12. a3 Bxc3 13. Qxc3 O-O 14. b4 Nb7 15. Qxc6 Nd6 16. h3 Rc8 17. Qa4 Nfe4 18. Qxa7 Nc3 19. Re1 Nce4 20. a4 Rxc2 21. b5 Rc8 22. Qa6 Ra8 23. Qc6 Rc8 24. Qa6 Ra8 25. Qc6 Rc8 26. Qa6 1/2-1/2

[Event "Junior Online 4NCL Division 5"]
[Site "online"]
[Date "2021.03.18"]
[EventDate "2021.03.18"]
[Round "5.225"]
[White "Varea, Benjamin"]
[WhiteElo "1278"]
[WhiteTeam "Dragon Kings 1"]
[Black "Harb, Laith A"]
[BlackElo "1256"]
[BlackTeam "JHJ Shark Tank 8"]
[Result "1/2-1/2"]
[PlyCount "53"]

1. e4 c5 2. Nf3 d6 3. c3 Nf6 4. Qc2 e6 5. d4 cxd4 6. cxd4 a6 7. Bd2 b5 8. Bg5 Be7 9. e5 Nd5 10. exd6 Bxg5 11. Nxg5 Qxg5 12. Qxc8+ Qd8 13. Qxd8+ Kxd8 14. Bd3 Nc6 15. O-O Nxd4 16. Be4 Rc8 17. Bxd5 exd5 18. Nc3 Rc6 19. Rad1 Ne6 20. Rxd5 Kd7 21. Rfd1 Rhc8 22. a3 Rc5 23. g3 Rxd5 24. Rxd5 Rc6 25. Rh5 h6 26. Rf5 f6 27. Ne4 1/2-1/2

[Event "Junior Online 4NCL Division 5"]
[Site "online"]
[Date "2021.03.18"]
[EventDate "2021.03.18"]
[Round "5.226"]
[White "Stacey, Edward"]
[WhiteElo "1255"]
[WhiteTeam "JHJ Shark Tank 8"]
[Black "Schmidt, Eoin"]
[BlackElo "1045"]
[BlackTeam "Dragon Kings 1"]
[Result "1/2-1/2"]
[PlyCount "96"]

1. e4 c5 2. Nc3 Nc6 3. Nf3 d6 4. d4 cxd4 5. Nxd4 Nxd4 6. Qxd4 Nf6 7. Nd5 Nxd5 8. Qxd5 e6 9. Qd4 d5 10. Bb5+ Bd7 11. Bxd7+ Qxd7 12. exd5 exd5 13. Qe5+ Be7 14. Qxg7 Rf8 15. O-O O-O-O 16. Qc3+ Kb8 17. Qa5 Rg8 18. Bf4+ Bd6 19. Bxd6+ Qxd6 20. Rfe1 Qg6 21. g3 Rde8 22. Rxe8+ Rxe8 23. Qxd5 Qxc2 24. Qxf7 Rd8 25. Qf4+ Ka8 26. Rc1 Qxb2 27. Qc7 Qh8 28. Rb1 b6 29. Qc6+ Kb8 30. a4 Qe8 31. Qxe8 Rxe8 32. a5 Re6 33. axb6 Rxb6 34. Rxb6+ axb6 35. Kf1 b5 36. Ke2 Kc7 37. Kd3 Kd6 38. Kc3 Ke5 39. f4+ Kf5 40. Kb4 h5 41. Kxb5 h4 42. gxh4 Kxf4 43. h5 Kg5 44. h6 Kxh6 45. Kc4 Kh5 46. Kd3 Kh4 47. Ke2 Kh3 48. Kf2 Kxh2 1/2-1/2

[Event "Junior Online 4NCL Division 5"]
[Site "online"]
[Date "2021.03.18"]
[EventDate "2021.03.18"]
[Round "5.227"]
[White "Varea, Gabriel"]
[WhiteElo "955"]
[WhiteTeam "Dragon Kings 1"]
[Black "Han, Qixiang"]
[BlackElo "1023"]
[BlackTeam "JHJ Shark Tank 8"]
[Result "0-1"]
[PlyCount "86"]

1. e4 e5 2. Nf3 Nc6 3. Bb5 a6 4. Bxc6 dxc6 5. O-O Bg4 6. h3 Bh5 7. d3 Bd6 8. Be3 Nf6 9. Nbd2 O-O 10. c3 h6 11. d4 exd4 12. cxd4 Bb4 13. a3 Bxd2 14. Bxd2 Nxe4 15. Bc3 Nxc3 16. bxc3 Qf6 17. Qd3 Bxf3 18. Qxf3 Qxf3 19. gxf3 Rfe8 20. f4 Re4 21. Kg2 Rxf4 22. Kg3 Rf6 23. f4 Re8 24. Rae1 Rfe6 25. Rxe6 Rxe6 26. f5 Re3+ 27. Kg4 Rxc3 28. a4 Rc4 29. Kh5 Rxd4 30. f6 Rxa4 31. Rg1 Ra5+ 32. Kh4 Rg5 33. Rxg5 hxg5+ 34. Kxg5 gxf6+ 35. Kxf6 b5 36. Ke5 f6+ 37. Kd4 f5 38. Kc3 f4 39. Kb3 f3 40. h4 f2 41. Kb4 f1=Q 42. h5 Qc4+ 43. Ka5 Qa4# 0-1

[Event "Junior Online 4NCL Division 5"]
[Site "online"]
[Date "2021.03.18"]
[EventDate "2021.03.18"]
[Round "5.228"]
[White "Pipalia, Ayush"]
[WhiteElo "1022"]
[WhiteTeam "JHJ Shark Tank 8"]
[Black "Tipton, Oliver"]
[BlackElo "880"]
[BlackTeam "Dragon Kings 1"]
[Result "0-1"]
[PlyCount "46"]

1. e4 e5 2. Bc4 Qh4 3. Nc3 Bc5 4. g3 Qf6 5. Qf3 Qxf3 6. Nxf3 Nf6 7. Nb5 Na6 8. Nxe5 Nxe4 9. Bxf7+ Kd8 10. d4 Nb4 11. Kd1 Nxf2+ 12. Ke1 Nxh1 13. Bg5+ Be7 14. Bxe7+ Kxe7 15. Bb3 c6 16. Nc7 Rb8 17. Kf1 Kd6 18. Kg2 Kxc7 19. Rxh1 d6 20. Nf7 Re8 21. c3 Re7 22. Ng5 Nd3 23. Bc4 Nxb2 0-1

[Event "Junior Online 4NCL Division 5"]
[Site "online"]
[Date "2021.03.18"]
[EventDate "2021.03.18"]
[Round "5.231"]
[White "Cooney, Lorcan"]
[WhiteElo "1255"]
[WhiteTeam "St. Laurence's BNS 1"]
[Black "Muthukumaran, Sriram"]
[BlackElo "787"]
[BlackTeam "Maidenhead Juniors 7"]
[Result "1-0"]
[PlyCount "69"]

1. e4 e5 2. Nf3 Nc6 3. Nc3 Nf6 4. d3 h6 5. g3 d6 6. Bg2 Be6 7. Be3 Be7 8. Qd2 O-O 9. O-O-O Ng4 10. h3 Nxe3 11. fxe3 Nb4 12. a3 Na2+ 13. Nxa2 Bxa2 14. b3 c6 15. Kb2 Bxb3 16. cxb3 Qb6 17. Ka2 d5 18. exd5 cxd5 19. Nxe5 Qd6 20. Nf3 Qxa3+ 21. Kb1 Qxb3+ 22. Qb2 Qb6 23. Qxb6 axb6 24. d4 b5 25. Kb2 Ba3+ 26. Kb3 Ra4 27. Ra1 Rfa8 28. Bf1 Bd6 29. Rxa4 Rxa4 30. Kc3 b4+ 31. Kb3 Ra3+ 32. Kb2 b3 33. Bd3 b6 34. Rc1 Bxg3 35. Rc8# 1-0

[Event "Junior Online 4NCL Division 5"]
[Site "online"]
[Date "2021.03.18"]
[EventDate "2021.03.18"]
[Round "5.232"]
[White "Tripathi, Advik"]
[WhiteElo "749"]
[WhiteTeam "Maidenhead Juniors 7"]
[Black "Walsh, Conor"]
[BlackElo "800"]
[BlackTeam "St. Laurence's BNS 1"]
[Result "0-1"]
[PlyCount "42"]

1. e4 c5 2. Nf3 d6 3. d3 Nf6 4. Nc3 Nc6 5. Be2 Bg4 6. O-O d5 7. exd5 Nxd5 8. Ne4 e6 9. Nc3 Bd6 10. Nxd5 exd5 11. h3 Bh5 12. Nd2 Bg6 13. Nf3 O-O 14. Qd2 Qc7 15. g3 Bf5 16. Kg2 Qd7 17. Rh1 Rfe8 18. Bf1 Re7 19. Rb1 Rae8 20. c3 c4 21. dxc4 Bxb1 0-1

[Event "Junior Online 4NCL Division 5"]
[Site "online"]
[Date "2021.03.18"]
[EventDate "2021.03.18"]
[Round "5.233"]
[White "Cooney, Felipe"]
[WhiteElo "700"]
[WhiteTeam "St. Laurence's BNS 1"]
[Black "Tripathi, Anaya"]
[BlackElo "716"]
[BlackTeam "Maidenhead Juniors 7"]
[Result "1-0"]
[PlyCount "37"]

1. e4 e5 2. Nc3 Nf6 3. f4 Bd6 4. fxe5 Bxe5 5. Nf3 Bxc3 6. dxc3 Nxe4 7. Qe2 Qe7 8. Bd2 d5 9. Qe3 Qd6 10. Bd3 Bf5 11. O-O O-O 12. Rfe1 Nxd2 13. Qxd2 Qc5+ 14. Kh1 Bxd3 15. Qxd3 Nc6 16. Ng5 g6 17. Qh3 Kg7 18. Rf1 Ne5 19. Qxh7# 1-0

[Event "Junior Online 4NCL Division 5"]
[Site "online"]
[Date "2021.03.18"]
[EventDate "2021.03.18"]
[Round "5.235"]
[White "Muthukumaran, Sriram"]
[WhiteElo "787"]
[WhiteTeam "Maidenhead Juniors 7"]
[Black "Cooney, Lorcan"]
[BlackElo "1255"]
[BlackTeam "St. Laurence's BNS 1"]
[Result "0-1"]
[PlyCount "126"]

1. e4 e5 2. Nf3 Nc6 3. Bc4 Nf6 4. Nc3 Nxe4 5. Nxe4 d5 6. d3 dxc4 7. dxc4 Qxd1+ 8. Kxd1 Bg4 9. h3 Bh5 10. g4 Bg6 11. Neg5 h6 12. Nxf7 Bxf7 13. b3 O-O-O+ 14. Ke1 Bb4+ 15. Kf1 e4 16. Nh4 Rd1+ 17. Kg2 Rxh1 18. Kxh1 Rd8 19. Bf4 Bc3 20. Rc1 Nd4 21. Kg2 Ne2 22. Rf1 Nxf4+ 23. Kg3 Ne2+ 24. Kg2 Nd4 25. Rd1 Nxc2 26. Rc1 Rd2 27. Kg3 Be5+ 28. Kg2 Ne3+ 29. Kg1 Rd1+ 30. Rxd1 Nxd1 31. Kf1 Nc3 32. a4 a6 33. Nf5 Kd7 34. Kg2 b5 35. a5 bxc4 36. bxc4 Bxc4 37. h4 Nd5 38. Kh3 Bb5 39. h5 c5 40. Kh4 c4 41. g5 hxg5+ 42. Kxg5 Bf6+ 43. Kg6 Nf4+ 44. Kh7 Nxh5 45. Ne3 c3 46. Kg6 Nf4+ 47. Kf5 Ne2 48. Kxe4 Kc6 49. f4 Nd4 50. f5 c2 51. Nxc2 Nxc2 52. Kf4 Bc4 53. Kg4 Kb5 54. Kh5 Kxa5 55. Kg6 Kb4 56. Kh7 a5 57. Kh8 a4 58. Kh7 a3 59. Kg6 a2 60. Kh5 a1=Q 61. Kg4 Qd4+ 62. Kh5 Qh4+ 63. Kg6 Qh6# 0-1

[Event "Junior Online 4NCL Division 5"]
[Site "online"]
[Date "2021.03.18"]
[EventDate "2021.03.18"]
[Round "5.236"]
[White "Walsh, Conor"]
[WhiteElo "800"]
[WhiteTeam "St. Laurence's BNS 1"]
[Black "Tripathi, Advik"]
[BlackElo "749"]
[BlackTeam "Maidenhead Juniors 7"]
[Result "1-0"]
[PlyCount "35"]

1. e4 e5 2. Nf3 Nc6 3. Bc4 Nf6 4. d4 exd4 5. Nxd4 Bb4+ 6. c3 Bc5 7. Nxc6 bxc6 8. Bg5 O-O 9. e5 d5 10. exf6 dxc4 11. fxg7 Qxg5 12. gxf8=Q+ Kxf8 13. O-O Bh3 14. Qf3 Bf5 15. Kh1 Bd6 16. Na3 Qh6 17. h3 Bd7 18. Nxc4 1-0

[Event "Junior Online 4NCL Division 5"]
[Site "online"]
[Date "2021.03.18"]
[EventDate "2021.03.18"]
[Round "5.237"]
[White "Tripathi, Anaya"]
[WhiteElo "716"]
[WhiteTeam "Maidenhead Juniors 7"]
[Black "Cooney, Felipe"]
[BlackElo "700"]
[BlackTeam "St. Laurence's BNS 1"]
[Result "1-0"]
[PlyCount "77"]

1. e4 e5 2. Nf3 Nc6 3. d4 exd4 4. Nxd4 Ne5 5. Bf4 Ng6 6. Qd2 Nxf4 7. Qxf4 Nf6 8. Nc3 Be7 9. Bc4 O-O 10. O-O d6 11. Qg5 Bd7 12. Nf5 g6 13. Nh6+ Kh8 14. Nxf7+ Rxf7 15. Bxf7 Nxe4 16. Qd5 Nxc3 17. Qxb7 Ne2+ 18. Kh1 Nf4 19. Bd5 Nxd5 20. Qxd5 Rb8 21. Qd4+ Bf6 22. Qxa7 Rxb2 23. c4 Rc2 24. Rac1 Bf5 25. Rxc2 Bxc2 26. Rc1 Qe8 27. h3 Be5 28. g3 Be4+ 29. Kh2 c5 30. Qc7 d5 31. Qxc5 dxc4 32. Re1 Bxg3+ 33. Kxg3 Qb8+ 34. f4 Bd3 35. Qd4+ Kg8 36. Qd5+ Kg7 37. Re7+ Kh6 38. Qf7 Kh5 39. Qxh7# 1-0

[Event "Junior Online 4NCL Division 5"]
[Site "online"]
[Date "2021.03.18"]
[EventDate "2021.03.18"]
[Round "5.241"]
[White "Mohanraj, Vibu Karthik"]
[WhiteElo "1420"]
[WhiteTeam "Chess Challengers F"]
[Black "Pang, Ethan"]
[BlackElo "925"]
[BlackTeam "Edgware Gambits J"]
[Result "0-1"]
[PlyCount "100"]

1. e4 c6 2. d3 d5 3. Nc3 d4 4. Nce2 e5 5. Bd2 Nf6 6. Nf3 Bd6 7. Ng3 Bg4 8. Nf5 O-O 9. Nxd6 Qxd6 10. Be2 c5 11. O-O Nc6 12. h3 Bxf3 13. Bxf3 Qe6 14. Bg4 Nxg4 15. Qxg4 Qxg4 16. hxg4 Rfe8 17. f3 Re6 18. Rae1 Rg6 19. c3 a5 20. cxd4 Nxd4 21. Bc3 b6 22. a3 Rd8 23. f4 exf4 24. Rxf4 Ne6 25. Rf3 Rxg4 26. Re2 Ng5 27. Rf5 g6 28. Rf6 Re8 29. Rxb6 Ra8 30. Rb5 Nf3+ 31. Kf2 Nd4 32. Re3 Nxb5 33. Kf3 Rg5 34. Bf6 Rh5 35. Kg4 Ra6 36. Be5 Re6 37. Bb8 Re8 38. Bg3 f5+ 39. exf5 Rxe3 40. fxg6 Rxg3+ 41. Kxh5 Rxg6 42. g4 Nd4 43. b4 axb4 44. a4 b3 45. a5 b2 46. a6 Rxa6 47. g5 b1=Q 48. g6 Qh1+ 49. Kg5 Qg2+ 50. Kh6 Qxg6# 0-1

[Event "Junior Online 4NCL Division 5"]
[Site "online"]
[Date "2021.03.18"]
[EventDate "2021.03.18"]
[Round "5.242"]
[White "Simmons, Keaton"]
[WhiteElo "925"]
[WhiteTeam "Edgware Gambits J"]
[Black "Khandelwal, Ritisha"]
[BlackElo "1400"]
[BlackTeam "Chess Challengers F"]
[Result "1-0"]
[PlyCount "49"]

1. e4 Nc6 2. d4 d5 3. exd5 Qxd5 4. Nf3 Qa5+ 5. Nc3 e6 6. Bb5 Bd7 7. Bxc6 Bxc6 8. O-O O-O-O 9. Bg5 f6 10. Bh4 g5 11. Bg3 Bb4 12. a3 Bxc3 13. bxc3 Qxc3 14. h4 e5 15. hxg5 fxg5 16. Bxe5 g4 17. Ng5 h6 18. Qxg4+ Bd7 19. Qf4 hxg5 20. Qxg5 Rh6 21. d5 Qxc2 22. Rac1 Qg6 23. Rxc7+ Kb8 24. Qxd8+ Bc8 25. Qxc8# 1-0

[Event "Junior Online 4NCL Division 5"]
[Site "online"]
[Date "2021.03.18"]
[EventDate "2021.03.18"]
[Round "5.243"]
[White "Mukherjee, Abhijay"]
[WhiteElo "1401"]
[WhiteTeam "Chess Challengers F"]
[Black "Soni, Gia"]
[BlackElo "850"]
[BlackTeam "Edgware Gambits J"]
[Result "1-0"]
[PlyCount "129"]

1. e4 e5 2. Nf3 Nc6 3. Bc4 Nf6 4. d3 Bc5 5. h3 O-O 6. O-O d5 7. exd5 Nxd5 8. Ng5 h6 9. Nxf7 Kxf7 10. Qf3+ Qf6 11. Qxf6+ gxf6 12. Bxd5+ Be6 13. Bxe6+ Kxe6 14. Bxh6 Rh8 15. Bg7 Rh7 16. Bxf6 Kxf6 17. c3 Kf5 18. d4 exd4 19. cxd4 Bxd4 20. Nc3 Bxc3 21. bxc3 Rd8 22. g4+ Kf4 23. f3 Kg3 24. f4 Rf7 25. f5 Kxh3 26. g5 Rd2 27. Rf3+ Kg4 28. Re3 Rxf5 29. Re4+ Kxg5 30. Rf1 Rxa2 31. Rxf5+ Kxf5 32. Rh4 Ne7 33. Rh7 Kf4 34. Rxe7 Kf3 35. Rf7+ Kg3 36. Rg7+ Kf3 37. Rxc7 Kg3 38. Rg7+ Kf3 39. Rxb7 Ke2 40. c4 Kd3 41. c5 Kd4 42. c6 Rc2 43. c7 Kc5 44. Rxa7 Kb6 45. Ra8 Rxc7 46. Rb8+ Ka7 47. Rh8 Rc2 48. Rh7+ Ka6 49. Rh6+ Ka5 50. Rh5+ Kb4 51. Rh4+ Kc3 52. Rh3+ Kb2 53. Kf1 Rd2 54. Ke1 Kc2 55. Kf1 Kd1 56. Kg1 Re2 57. Rd3+ Ke1 58. Kh1 Kf2 59. Rh3 Ke1 60. Kg1 Kd2 61. Rg3 Ke1 62. Rb3 Rf2 63. Rb1+ Ke2 64. Rb2+ Kf3 65. Rxf2+ 1-0

[Event "Junior Online 4NCL Division 5"]
[Site "online"]
[Date "2021.03.18"]
[EventDate "2021.03.18"]
[Round "5.245"]
[White "Pang, Ethan"]
[WhiteElo "925"]
[WhiteTeam "Edgware Gambits J"]
[Black "Mohanraj, Vibu Karthik"]
[BlackElo "1420"]
[BlackTeam "Chess Challengers F"]
[Result "1-0"]
[PlyCount "95"]

1. e4 e5 2. Nf3 Nf6 3. Nxe5 Nc6 4. Nxc6 dxc6 5. Nc3 Bc5 6. Bc4 Bg4 7. f3 Bh5 8. d3 O-O 9. Bg5 h6 10. Bh4 Re8 11. Qd2 b5 12. Bb3 a5 13. a4 b4 14. Na2 Bg6 15. O-O-O Qd7 16. d4 Bxd4 17. Qxd4 Qxd4 18. Rxd4 Rad8 19. Bxf6 Rxd4 20. Bxd4 Rd8 21. f4 Rxd4 22. f5 Bh5 23. h3 Rxe4 24. g4 Bxg4 25. hxg4 Rxg4 26. c3 Kh7 27. cxb4 axb4 28. Bxf7 b3 29. Bxb3 g5 30. a5 Rf4 31. a6 Rxf5 32. a7 Rf8 33. Nb4 Ra8 34. Nxc6 g4 35. Rd1 g3 36. Rg1 h5 37. Rxg3 h4 38. Rh3 Kh6 39. Rxh4+ Kg5 40. Rb4 Rxa7 41. Nxa7 Kf5 42. Bd5 Ke5 43. Rb5 Kd6 44. b4 c6 45. Bxc6 Kc7 46. Rh5 Kb8 47. Nb5 Kc8 48. Rh8# 1-0

[Event "Junior Online 4NCL Division 5"]
[Site "online"]
[Date "2021.03.18"]
[EventDate "2021.03.18"]
[Round "5.246"]
[White "Khandelwal, Ritisha"]
[WhiteElo "1400"]
[WhiteTeam "Chess Challengers F"]
[Black "Simmons, Keaton"]
[BlackElo "925"]
[BlackTeam "Edgware Gambits J"]
[Result "1-0"]
[PlyCount "57"]

1. e4 e5 2. Nf3 Nc6 3. Bc4 Nf6 4. Ng5 Rg8 5. Bxf7+ Ke7 6. Bxg8 h6 7. Nf7 Qe8 8. d3 d6 9. Nc3 Bg4 10. f3 Be6 11. Nxe5 Nxe5 12. Bxe6 Kxe6 13. O-O d5 14. exd5+ Nxd5 15. Nxd5 Kxd5 16. Re1 Bc5+ 17. Be3 Nxf3+ 18. Qxf3+ Ke6 19. Bxc5+ Kd7 20. Rxe8 Rxe8 21. Qxb7 Re5 22. Bxa7 Re2 23. Qd5+ Ke7 24. Bc5+ Kf6 25. Qd4+ Kf5 26. g4+ Kg5 27. Qxg7+ Kf4 28. Rf1+ Rf2 29. Rxf2# 1-0

[Event "Junior Online 4NCL Division 5"]
[Site "online"]
[Date "2021.03.18"]
[EventDate "2021.03.18"]
[Round "5.247"]
[White "Soni, Gia"]
[WhiteElo "850"]
[WhiteTeam "Edgware Gambits J"]
[Black "Mukherjee, Abhijay"]
[BlackElo "1401"]
[BlackTeam "Chess Challengers F"]
[Result "0-1"]
[PlyCount "62"]

1. e4 e5 2. Nf3 Nc6 3. Bc4 Bc5 4. d3 Nf6 5. O-O h6 6. d4 exd4 7. Nxd4 Nxd4 8. Be3 O-O 9. Bxd4 Bxd4 10. Qxd4 Re8 11. Nc3 d6 12. Nd5 Nxd5 13. Bxd5 Be6 14. Bxe6 Rxe6 15. Qb4 b6 16. Rfe1 Qe8 17. Rad1 Rb8 18. Qc4 d5 19. Qa6 Rxe4 20. Rxe4 dxe4 21. Re1 Ra8 22. f3 Qc6 23. fxe4 Qc5+ 24. Kh1 Qxc2 25. Qb7 Rd8 26. Qxa7 Rd1 27. h3 Rxe1+ 28. Kh2 Qxe4 29. Qxc7 Re2 30. Qc8+ Kh7 31. Qf8 Qxg2# 0-1

[Event "Junior Online 4NCL Division 5"]
[Site "online"]
[Date "2021.03.18"]
[EventDate "2021.03.18"]
[Round "5.248"]
[White "Marti, Aarush"]
[WhiteElo "1390"]
[WhiteTeam "Chess Challengers F"]
[Black "Tulsiani, Aarav"]
[BlackElo "910"]
[BlackTeam "Edgware Gambits J"]
[Result "0-1"]
[PlyCount "70"]

1. e4 e5 2. Nf3 Nc6 3. Bc4 Nf6 4. Ng5 d5 5. exd5 Nxd5 6. d3 Bc5 7. O-O O-O 8. Bxd5 Qxd5 9. Qh5 h6 10. Nc3 Qd8 11. Be3 hxg5 12. Bxc5 b6 13. Be3 g6 14. Qxg5 Qxg5 15. Bxg5 Nd4 16. Rac1 Ne2+ 17. Nxe2 f6 18. Bh6 Rd8 19. c4 b5 20. cxb5 Rb8 21. a4 a6 22. bxa6 Ra8 23. Rxc7 Bxa6 24. Rg7+ Kf8 25. Rd7+ Ke8 26. Rxd8+ Kxd8 27. d4 Bxe2 28. Re1 Bh5 29. dxe5 fxe5 30. Rxe5 Bd1 31. Rd5+ Ke8 32. Rxd1 Rxa4 33. Rd3 Ra1+ 34. Bc1 Rxc1+ 35. Rd1 Rxd1# 0-1

[Event "Junior Online 4NCL Division 5"]
[Site "online"]
[Date "2021.03.18"]
[EventDate "2021.03.18"]
[Round "5.251"]
[White "Anchan, Anirudh"]
[WhiteElo "1086"]
[WhiteTeam "Maidenhead Juniors 4"]
[Black "Carter, Olvier"]
[BlackElo "935"]
[BlackTeam "Surrey Kings 4"]
[Result "1-0"]
[PlyCount "89"]

1. e4 e5 2. Nf3 Nc6 3. Bc4 Bc5 4. O-O Nf6 5. Nc3 d6 6. h3 Bxh3 7. gxh3 Nh5 8. d3 Qf6 9. Bg5 Qg6 10. Nd5 O-O 11. Bb5 Nd4 12. Ne7+ Kh8 13. Nxg6+ hxg6 14. Be7 Rfe8 15. Bh4 Nxb5 16. Ng5 Rf8 17. a3 Bd4 18. Rb1 Nf4 19. Kh2 Rae8 20. Bg3 Nh5 21. b3 Nxa3 22. Ra1 Bxa1 23. Qxa1 Nxc2 24. Qxa7 Ra8 25. Qxb7 Rfc8 26. Nxf7+ Kh7 27. Ng5+ Kh6 28. Nf7+ Kh7 29. Qc6 Ra3 30. Qxc2 Rf8 31. Ng5+ Kg8 32. Qc4+ Kh8 33. Nf7+ Kg8 34. Nxd6+ Kh8 35. Nf7+ Kg8 36. Nxe5+ Kh8 37. Bh4 Ra5 38. Nf7+ Kg8 39. Nh6+ Kh8 40. Ng4 Rf3 41. Qxc7 Ra2 42. Qd8+ Kh7 43. Qd7 Raxf2+ 44. Nxf2 Rxf2+ 45. Rxf2 1-0

[Event "Junior Online 4NCL Division 5"]
[Site "online"]
[Date "2021.03.18"]
[EventDate "2021.03.18"]
[Round "5.252"]
[White "O’Sullivan, Jack"]
[WhiteElo "925"]
[WhiteTeam "Surrey Kings 4"]
[Black "Avezbakiev, Tom"]
[BlackElo "1068"]
[BlackTeam "Maidenhead Juniors 4"]
[Result "0-1"]
[PlyCount "112"]

1. e4 e5 2. Nf3 Nc6 3. Nc3 Bc5 4. Bc4 d6 5. h3 Nf6 6. d3 Be6 7. O-O Qe7 8. Bg5 O-O-O 9. Nd5 Qd7 10. Nxf6 gxf6 11. Bxe6 Qxe6 12. Bh6 Rhg8 13. Nd2 Qxh3 14. Qf3 Rg3 15. Rfe1 Rdg8 16. Kf1 Qh1+ 17. Ke2 Rxf3 18. Rxh1 Rxf2+ 19. Ke1 Rgxg2 20. Nb3 Re2+ 21. Kf1 Rgf2+ 22. Kg1 Rf4+ 23. Nxc5 Rg4+ 24. Kf1 Rxc2 25. Nb3 b6 26. Rc1 Rxc1+ 27. Bxc1 Rg7 28. Rg1 Rxg1+ 29. Kxg1 h5 30. Be3 Kd7 31. d4 exd4 32. Nxd4 Nxd4 33. Bxd4 Ke6 34. Kg2 f5 35. exf5+ Kxf5 36. Kg3 Kg5 37. Be3+ Kg6 38. Kh4 f5 39. Bg5 d5 40. b4 d4 41. Kg3 d3 42. Kf3 Kxg5 43. Ke3 f4+ 44. Kxd3 h4 45. Ke4 Kg4 46. Kd3 h3 47. Ke2 h2 48. b5 h1=Q 49. a4 f3+ 50. Kf2 Qg2+ 51. Ke3 Qe2+ 52. Kd4 f2 53. a5 Qd2+ 54. Kc4 f1=Q+ 55. Kb3 Qxb5+ 56. Ka3 Qdxa5# 0-1